[Event "FIDE World Uni Rapid-F 1st"]
[Site "Tornelo INT"]
[Date "2021.03.21"]
[Round "11"]
[White "Tokhirjonova, Gulruhbegim"]
[Black "Debankan, Dhara"]
[Result "0-1"]
[WhiteElo "2362"]
[BlackElo "1950"]
[PlyCount "66"]
[EventDate "2021.03.20"]
[EventType "swiss (rapid)"]
[EventRounds "12"]
[EventCountry "NET"]
[SourceTitle "EXT 2022"]
[Source "ChessBase"]
[SourceDate "2021.10.06"]
[SourceVersion "1"]
[SourceVersionDate "2021.10.06"]
[SourceQuality "1"]

1. e4 e5 2. Nf3 Nf6 3. Nxe5 d6 4. Nf3 Nxe4 5. Nc3 Nxc3 6. dxc3 Be7 7. Be3 0-0 8. Qd2 Nd7 9. 0-0-0 Ne5 10. h4 Bf6 11. h5 a5 12. Nd4 Bd7 13. f3 Rb8 14. Qf2 b5 15. g4 b4 16. c4 c5 17. Nb5 Nxc4 18. Bxc4 Bxb5 19. Bxb5 Rxb5 20. f4 a4 21. g5 a3 22. gxf6 axb2+ 23. Kxb2 Qxf6+ 24. Kb1 Ra8 25. Bc1 Rxa2 26. Rd4 b3 27. Qe2 Rb8 28. Re1 h6 29. Bb2 Rxb2+ 30. Kxb2 bxc2+ 31. Kxc2 Qxd4 32. Qe3 Qa4+ 33. Kd2 Rb2+ 0-1

[Event "FIDE World Uni Blitz-D 1st"]
[Site "Tornelo INT"]
[Date "2021.03.13"]
[Round "5.18"]
[White "Debankan, Dhara"]
[Black "Morado, Jeth Romy"]
[Result "1/2-1/2"]
[WhiteElo "1950"]
[BlackElo "2243"]
[PlyCount "168"]
[EventDate "2021.03.13"]
[EventType "swiss (blitz)"]
[EventRounds "10"]
[EventCountry "NET"]
[SourceTitle "EXT 2022"]
[Source "ChessBase"]
[SourceDate "2021.10.06"]
[SourceVersion "1"]
[SourceVersionDate "2021.10.06"]
[SourceQuality "1"]

1. d4 d5 2. Nf3 Nf6 3. c4 c6 4. Qc2 dxc4 5. Qxc4 Bf5 6. Nc3 e6 7. g3 Be7 8. Bg2 0-0 9. 0-0 Nbd7 10. Re1 b5 11. Qxc6 b4 12. Nb5 Rc8 13. Qa6 Be4 14. Bf4 Nd5 15. Bd6 Nb8 16. Bxe7 Qxe7 17. Qxa7 Nd7 18. Ne5 Bxg2 19. Kxg2 Nxe5 20. Qxe7 Nxe7 21. dxe5 Rc5 22. Nd6 Rxe5 23. Nc4 Rc5 24. b3 Nd5 25. a3 g6 26. axb4 Nxb4 27. Ra7 Rd8 28. Rb7 Nc2 29. Rc1 Nd4 30. Rd1 Rcd5 31. e3 Nc2 32. Rxd5 Rxd5 33. Kf3 Ne1+ 34. Ke2 Nd3 35. Rb6 Nc1+ 36. Kf3 h5 37. h4 Rf5+ 38. Kg2 Nd3 39. f4 Rd5 40. e4 Rd4 41. Rd6 Rxd6 42. Nxd6 Kf8 43. e5 Ke7 44. Kf3 f6 45. Nc4 fxe5 46. Nxe5 Nc5 47. Nxg6+ Kf6 48. b4 Nb3 49. Ne5 Nd4+ 50. Ke4 Nb5 51. g4 Nd6+ 52. Kd4 hxg4 53. Nxg4+ Kf5 54. Ne3+ Kxf4 55. Nc4 e5+ 56. Nxe5 Nf5+ 57. Kd5 Ne3+ 58. Ke6 Nf5 59. h5 Ng7+ 60. Kd5 Nxh5 61. Ng6+ Kf5 62. Ne7+ Kf6 63. Kd6 Kf7 64. b5 Nf6 65. Nd5 Ne4+ 66. Kc7 Ke6 67. b6 Nc5 68. Nb4 Ke5 69. Kc6 Kd4 70. Nc2+ Kc4 71. Ne3+ Kd4 72. Nf5+ Kc4 73. Nd6+ Kd4 74. Nb5+ Kc4 75. Nc7 Kd4 76. Kd6 Kc4 77. Ne6 Nb7+ 78. Kc7 Na5 79. Nf4 Kb5 80. Nd5 Ka6 81. Nb4+ Kb5 82. Nc6 Nxc6 83. b7 Kc5 84. b8Q Nxb8 1/2-1/2

[Event "FIDE World Uni Blitz-D 1st"]
[Site "Tornelo INT"]
[Date "2021.03.13"]
[Round "2.6"]
[White "Hernandez Gonzalez, William"]
[Black "Debankan, Dhara"]
[Result "0-1"]
[WhiteElo "2481"]
[BlackElo "1950"]
[PlyCount "92"]
[EventDate "2021.03.13"]
[EventType "swiss (blitz)"]
[EventRounds "10"]
[EventCountry "NET"]
[SourceTitle "EXT 2022"]
[Source "ChessBase"]
[SourceDate "2021.10.06"]
[SourceVersion "1"]
[SourceVersionDate "2021.10.06"]
[SourceQuality "1"]

1. e4 e5 2. Nf3 Nf6 3. Nxe5 d6 4. Nf3 Nxe4 5. d4 d5 6. Bd3 Nc6 7. 0-0 Be7 8. Re1 Bf5 9. c3 0-0 10. Qc2 Bg6 11. Nbd2 f5 12. Nf1 Kh8 13. Bf4 Bd6 14. Bxd6 Qxd6 15. N3d2 Rae8 16. f3 Nxd2 17. Qxd2 f4 18. Bxg6 hxg6 19. h3 Ne7 20. Nh2 Nf5 21. Ng4 Kg8 22. Ne5 Ne3 23. Rxe3 fxe3 24. Qxe3 Rf5 25. Re1 Qb6 26. Qf2 Qa6 27. b4 Rf6 28. Qd2 Rfe6 29. Kh2 Qa3 30. h4 b6 31. f4 c5 32. dxc5 bxc5 33. Re3 d4 34. cxd4 Qxb4 35. Qxb4 cxb4 36. Rb3 a5 37. a3 Rb8 38. Nd7 Rb5 39. Nc5 Reb6 40. a4 Rxc5 41. dxc5 Rc6 42. Kg3 Rxc5 43. Kg4 Rc3 44. Rb1 Ra3 45. Rc1 Rxa4 46. Kg5 Kh7 0-1

[Event "IND-ch U15 39th"]
[Site "Kolkata"]
[Date "2013.08.07"]
[Round "3"]
[White "Ghosh, Diptayan"]
[Black "Debankan, Dhara"]
[Result "1-0"]
[WhiteElo "2473"]
[BlackElo "2015"]
[PlyCount "79"]
[EventDate "2013.08.06"]
[EventType "swiss"]
[EventRounds "11"]
[EventCountry "IND"]
[SourceTitle "CBM 155 Extra"]
[Source "ChessBase"]
[SourceDate "2013.08.26"]
[SourceVersion "1"]
[SourceVersionDate "2013.08.26"]
[SourceQuality "1"]

1. c4 e5 2. g3 Nf6 3. Bg2 d5 4. cxd5 Nxd5 5. Nc3 Nb6 6. Nf3 Nc6 7. 0-0 Be7 8. a3 0-0 9. b4 a6 10. d3 Be6 11. Bb2 f6 12. Rc1 Qd7 13. Ne4 Rfd8 14. Qc2 Bh3 15. Bxh3 Qxh3 16. Qb3+ Kh8 17. Rfd1 Nd5 18. Ned2 Bf8 19. Rc2 Qd7 20. Rdc1 Rdc8 21. Rc4 Nce7 22. d4 b5 23. R4c2 exd4 24. Nxd4 Nb6 25. Qe6 Qxe6 26. Nxe6 c6 27. Bd4 Na4 28. Nb3 Kg8 29. Na5 Kf7 30. Nxf8 Kxf8 31. Nxc6 Nxc6 32. Rxc6 Rxc6 33. Rxc6 a5 34. Rc7 axb4 35. axb4 Rb8 36. Rc6 Kf7 37. Kg2 Rb7 38. e3 Rd7 39. g4 h6 40. Kg3 1-0

[Event "Raisoni Memorial op U15"]
[Site "Nagpur"]
[Date "2012.09.25"]
[Round "11"]
[White "Pranav, Vijay"]
[Black "Debankan, Dhara"]
[Result "1-0"]
[WhiteElo "2123"]
[BlackElo "2010"]
[PlyCount "59"]
[EventDate "2012.09.17"]
[EventType "swiss"]
[EventRounds "11"]
[EventCountry "IND"]
[SourceTitle "CBM 150 Extra"]
[Source "ChessBase"]
[SourceDate "2012.10.19"]
[SourceVersion "1"]
[SourceVersionDate "2012.10.19"]
[SourceQuality "1"]

1. d4 d5 2. c4 dxc4 3. e3 Nf6 4. Bxc4 e6 5. Nf3 a6 6. 0-0 c5 7. Nc3 b5 8. Bb3 Bb7 9. Qe2 Nbd7 10. Rd1 Qc7 11. d5 c4 12. dxe6 fxe6 13. Bc2 Be7 14. e4 0-0 15. Nd4 Nc5 16. e5 Ne8 17. b4 cxb3 18. axb3 b4 19. Na4 Rd8 20. Qh5 g6 21. Bxg6 hxg6 22. Qxg6+ Ng7 23. Bh6 Qxe5 24. Nxc5 Rxd4 25. Bxg7 Rxd1+ 26. Rxd1 Qxg7 27. Qxe6+ Rf7 28. Nxb7 Bh4 29. Nd6 Bxf2+ 30. Kh1 1-0